000 01124nac a22003737a 4500
001 BR0103250
003 BR-BrBNA
005 20240105122553.0
008 230509b bl.|||m| |||| 00| 0 por d
040 _aBR-BrBNA
_bpor
_cBiblioteca Nacional de Agricultura
072 _aL01; L02
090 _a5214 BR0103250
100 1 _aCoser, A.C.
100 1 _aMartins, C.E
100 1 _aDeresz, F.
110 1 _aEMBRAPA Gado de Leite, Juiz de Fora, MG (Brasil)
245 1 _aA pesquisa em producao de leite a pasto na EMBRAPA gado de leite - 1980 a 1999
260 3 _aJuiz de Fora, MG (Brasil):
_c2000.
300 _a32 p.
490 _aCircular Tecnica - EMBRAPA Gado de Leite (Brazil)
_vno. 61
_xISSN 1517-4816
500 _a33 ref.; 18 ref.
650 _aNovilho Leiteiro
650 _aProducao Leiteira
650 _aPerformance
650 _aCapim Elefante
650 _aGrama Bermuda
650 _aCapim Gordura
650 _aCapim Angola
650 _aSetaria
650 _aForrageira de Inverno
650 _aAlfafa
909 _a202312
_bLúcia Elande
_c55
_dLúcia Elande
942 _2AGRIS
_n0
_cMS
999 _c291712
_d291712